000 01043nam a2200313 i 4500
001 15441
003 ES-MaACL
005 20250827062540.0
007 t|
008 000313s1999 sp ||||1| spa d
020 _a84-7476-287-1
080 _a342.25(460):316.65
080 _a308.1-053.7(460)(049.5)
100 1 _aMoral, Félix.
_982932
245 1 3 _aLa identidad nacional de los jóvenes y el estado de las autonomías /
_cFélix Moral, Araceli Mateos.
250 _a1ª ed.
260 _aMadrid :
_bCentro de Investigaciones Sociológicas,
_c1999.
300 _a127 p. ;
_c30 cm.
490 1 _aOpiniones y actitudes ;
_v26
650 _aEspaña-
_xComunidades autónomas.
_9178649
650 4 _aJóvenes-
_zEspaña-
_vEncuestas.
_913951
650 7 _aEncuestas
_9227290
_2embne
700 1 _aMateos, Araceli.
_978971
710 2 _aCentro de Investigaciones Sociológicas (España)
_92708
830 0 _aOpiniones y actitudes ;
_v26
_9179773
852 _aES-MaACL
_jL-22460
_bR.127880
942 _2udc
999 _c15441
_d15441